Quiz de géographie +++ #2 - Statistiques

Statistiques générales
  • Ce quiz a été pris 402 fois
  • Le résultat moyen est 2 sur 10
Statistiques - réponses
Questions Indices Réponses % Correct
Quel est le pays le moins peuplé ? Europe Vatican
94%
Quel est le pays ayant la plus haute densité de population ? Sur Terre Monaco
57%
Quelle est la région la plus au Sud de l'Amérique ? par un P Patagonie
51%
L'endroit du record de chaleur mondiale ? Amérique Furnace Creek
33%
Quelle est la deuxième ville du Ghana la plus peuplée ? Par une consonne Kumasi
5%
D'après les estimations, quelle ville serait la 3ème plus peuplée en 2100 ? Afrique Dar Es Salaam
4%
Quelle est la 2ème ville du Népal ? (en population) par un P Pokhara
2%
Quelle est la ville européenne qui a eu la plus basse température depuis l'année 1999 (en 2024) ? (-43,6°C) Suède Kvikkjokk-årrenjarka
1%
Quel est le pont le plus long du monde ? (164,8 km) Asie Le pont Danyang-Kunshan
1%
Question ultra difficile : quelle est la ville avec le nom le plus long ? Royaume-Uni Llanfairpwllgwyngyllgogerychwyrndrobwllllantysiliogogogoch
1%
Aucun quiz correspondant
Distribution des résultats
% des personnes avec chaque résultat
Percentile par nombre de réponses
Votre historique - résultats
Vous n’avez pas pris ce quiz